Представление документа в формате MARC21

Поле Инд. ПП Название Значение
Тип записи a
Библиографический уровень b
001 Контрольный номер UNIDUBNA4f52819f35df4db19c2d0a900495fa65
005 Дата корректировки 20250116162116.2
008 Кодируемые данные 20170331
040 b Код языка каталог. rus
e Правила каталог. PSBO
041 0_ a Код языка текста rus
084 a Индекс другой классификации/Индекс ББК 67.400.34
100 1_ a Автор Багмет А. М.
q Полное имя Багмет Анатолий Михайлович
100 1_ a Автор Бычкова Е. И.
q Полное имя Бычкова (Крылова) Екатерина Игоревна
245 10 a Заглавие Некоторые проблемы реализации конституционного права граждан на обращения в органы государственной власти и органы местного самоуправления
520 0_ a Аннотация В статье рассматриваются некоторые проблемы реализации гражданами права на обращения в органы государственной власти и органы местного самоуправления. Авторы делают выводы о необходимости уточнения теоретической основы обращений граждан, закрепления в федеральном законодательстве более четкой классификации видов обращений граждан. Также, опираясь на судебную практику и статистические данные, авторы приходят к мнению, что необходимо установить административную ответственность не только за нарушение порядка рассмотрения обращений граждан, но и за формальный подход должностных лиц при подготовке ответов на обращения
650 14 a Основная рубрика конституционное право (государственное право)
a Основная рубрика право
653 0_ a Ключевые слова должностное лицо
a Ключевые слова защита прав
a Ключевые слова компетенции
a Ключевые слова конституционные права
a Ключевые слова Конституция РФ
a Ключевые слова обращения граждан
a Ключевые слова формальный подход
773 08 t Заглавие источника Российская юстиция
d Дата издания источника 2021
g Прочая информация № 3. - С. 41 - 43
w Контрольный № источника b885f12bde384f57bfa824b25e31dd75
901 t Тип документа b